00481nam a2200133 a 450000100100000000500170001000800410002702000150006804000250008324500900010826000790019830000380027750400320031500003970620201002033706.0130716s2004 dr 000 0 spa d a9505119402 aDO-SdBNPbspacBNPHU03aLa democracia en América Latina :bhacia una democracia de ciudadanas y ciudadanos. aBuenos Aires :bPrograma de las Naciones Unidas para el Desarrollo,c2004. a255 p. :bil., gráfs. ;c28 cm. aBibliografía: p. 239 -255